Access 2002

Gespeichert in:
Bibliographische Detailangaben
1. Verfasser: Písek, Slavoj
Format: Buch
Sprache:Tschechisch
Veröffentlicht: Praha Grada Publishing 2002
Schriftenreihe:Podrobný průvodce začínajícího uživatele
Schlagworte:
Tags: Tag hinzufügen
Keine Tags, Fügen Sie das erste Tag hinzu!

MARC

LEADER 00000nam$a2200000$$$4500
001 0009620
005 20240315114344.3
020 |a 80-247-0439-0 
041 0 |a cze 
044 |a CZ 
245 1 0 |a Access 2002  |c Slavoj Písek 
264 1 |a Praha  |b Grada Publishing  |c 2002 
300 |a 216 s. 
490 1 |a Podrobný průvodce začínajícího uživatele 
830 0 |a Podrobný průvodce začínajícího uživatele 
610 2 0 |a softvér 
100 1 |a Písek, Slavoj